| Registos Bibliográficos associados ao registo de autoridade |
|
Etiqueta de registo: 00254nam 2200025 450 001 2284607 003 http://id.bnportugal.gov.pt/bib/catbnp/2284607 100 ## $a20260416d1549 m y0pory01030103ba 101 0# $alat 102 ## $aBE 105 ## $ay z 000yy 106 ## $ar 200 1# $aAnabaptisticae haereseos confutatio, et vere Christiani baptismi, ac potissimum paedobaptismatis
assertio in duos libros diuisa... contra Mannonis Simonis Frisij anabaptisticae prauitatis
summi antistitis uirulentas blasphemias$fauthore Martino Duncano Kempensi Guormarianae Ecclesiae in Hollandia pastore... 210 #9 $aAntuerpiae$cimprimebat Iohannes Grauius typographus à Caes. Maiest. admissus,$d1549 215 ## $a2 partes ([16], 227 [i.e. 247], [1 br.] f.)$d8º (16 cm) 306 ## $aMarca do impressor na f. de rosto da 2ª parte e no verso do f. final 307 ## $aErro de fol.: repetida a numeração dos f. 170-189 307 ## $aAssin.: ✝//8, ¶//8, A-Z//8, a-h//8 316 ## $aExemplar em mau estado$5PTBN: R. 1759 P. 321 ## $aICCU IT\ICCU\BVEE\013718 327 11 $aA partir do f. 121, com f. de rosto própria: Liber posterior de paedobaptismate seu
paruulorum baptismo, contra Mennonis Simonis Frisij anabaptisticae prauitatis summi
antistitis virulentas blasphemias / authore Martino Duncano Kempensi Guormarianae
Ecclesiae in Hollandia pastore. - Antuerpiae : excudebat Iohannes Grauius typographus
à Caes. Maist. admissus, 1549. 517 1# $aLiber posterior de paedobaptismate sev parvulorum baptismo 620 ## $dAntuérpia 700 #1 $aDucanus,$bMartinus,$f1506-1593$390631 702 #1 $aGrapheus,$bJoannes,$ffl. 1527-1567$4610$371043 801 #0 $aPT$bBN$gRPC 856 40 $2Cópia digital disponível em Google Books$uhttps://books.google.pt/books?id=mc_QCHgD9Y0C&hl=pt-PT&pg=PA1#v=onepage&q&f=false 966 ## $lBN$mFGMON$sR. 1759 P. 971 ## $cpmesqui$d20260416 997 ## $aBIBEOD
|
|
|